000 00745nam a22002177a 4500
003 OSt
005 20221027171325.0
008 221027b |||||||| |||| 00| 0 eng d
020 _a978-9942-07-619-9
040 _cBiblioteca Lado V
082 _2700.74
_aC936i
100 _9219
_aCrivelli Visconti, Jacopo
_eeditor
245 _a6eme Biennale de l'Art Africain Contemporain/
260 _aEcuador
_bEdiecuatorial
_c2014
300 _a229p.
_c22x27cm
650 _2Tesauro de Arte & Arquitectura
_aBIENAL
650 _2Tesauro de Arte & Arquitectura
_aARTE CONTEMPORANERO
651 _2Tesauro de Arte & Arquitectura
_aECUADOR
700 _aEspinoza Calle, Mercedes
_edocumentacion
942 _2ddc
_c1
_h700.74
_iC936i
_n0
999 _c2376
_d2376